| 000 | 00696nam a2200205Ia 4500 | ||
|---|---|---|---|
| 003 | GCL | ||
| 008 | 140319s9999 xx 000 0 ara d | ||
| 040 |
_aGCL / _cGCL |
||
| 082 | 0 | 4 |
_a953.07393 _bق ح |
| 100 | 1 | _aقاسم عبده قاسم | |
| 245 | 1 | 0 |
_aاثر الحروب الصليبية فى العالم العربى / _cقاسم عبده قاسم |
| 300 | _a67 ص | ||
| 490 |
_aموسوعة الحضارة العربية الاسلامية _v0 |
||
| 650 | 0 | 4 | _aالحروب الصليبية |
| 650 | 0 | 4 | _aالتاريخ الحربى |
| 650 | 0 | 4 | _aالتاريخ الاسلامى |
| 650 | 0 | 4 | _aالدولة الايوبية |
| 650 | 0 | 4 | _aالعصور الوسطى |
| 942 |
_2ddc _cBK |
||
| 999 |
_c48171 _d48171 |
||